000 00676nam a2200289Ia 4500
005 20260324142707.0
008 008 260324s9999 xx 000 0 eng d
020 _a9780203203293
037 _aEBOOK
040 _aCRL
040 _beng
040 _cCRL
041 _2eng
041 _aeng
084 _qCRL
100 _aN. H. Keeble
_91212907
245 4 _aThe Cultural Identity of Seventeenth-Century Woman
245 2 _bA Reader
260 _bTaylor and Francis
260 _c1994
365 _a
365 _b230
856 _uhttp://www.taylorfrancis.com/books/9780203203293
942 _cEBOOK
999 _c1817374
_d1817374